Вопросы устойчивости в шведских линиях электропередачи | Характеристика разрядников (Запись № 9075644)

Подробности
000 -МАРКЕР
контрольное поле 02696nam0a22003011 4500
001 - ИДЕНТИФИКАТОР ЗАПИСИ
контрольное поле rc\4001274
005 - ИДЕНТИФИКАТОР ВЕРСИИ
контрольное поле 20250611052206.0
021 ## - НОМЕР ГОСУДАРСТВЕННОЙ РЕГИСТРАЦИИ
Код страны Российская Федерация
Номер [55-43483]
035 ## - ДРУГИЕ СИСТЕМНЫЕ НОМЕРА
Идентификатор записи (NLR Aleph) 008073131
100 ## - ДАННЫЕ ОБЩЕЙ ОБРАБОТКИ
Данные общей обработки 20130415d1955 |||y0rusy50 ca
101 1# - ЯЗЫК РЕСУРСА
Язык текста, звукозаписи и т.д. русский
Язык оригинала немецкий
-- английский
102 ## - СТРАНА ПУБЛИКАЦИИ ИЛИ ПРОИЗВОДСТВА
Страна публикации Российская Федерация
105 ## - ПОЛЕ КОДИРОВАННЫХ ДАННЫХ: ТЕКСТОВЫЕ МАТЕРИАЛЫ, МОНОГРАФИЧЕСКИЕ
Кодированные данные о монографическом текстовом документе y z |||||
200 1# - ЗАГЛАВИЕ И СВЕДЕНИЯ ОБ ОТВЕТСТВЕННОСТИ
Основное заглавие Вопросы устойчивости в шведских линиях электропередачи
-- Характеристика разрядников
Сведения, относящиеся к заглавию Пер. с нем. и англ.
Первые сведения об ответственности Гос. трест по организации и рационализации район электр. станций и сетей ОРГРЭС М-ва электростанций
210 ## - ПУБЛИКАЦИЯ, РАСПРОСТРАНЕНИЕ И ДР.
Место издания, распространения и т.д. Москва
-- Ленинград
Имя издателя, распространителя и т. д. Госэнергоиздат
Дата издания, распространения и т.д. 1955
215 ## - ФИЗИЧЕСКАЯ ХАРАКТЕРИСТИКА
Специфическое обозначение материала и объем 16 с.
Другие сведения о физической характеристике граф.
Размеры 26
225 1# - СЕРИЯ
Основное заглавие серии [Новости зарубежной энергетики]
327 1# - ПРИМЕЧАНИЯ О СОДЕРЖАНИИ
Текст примечания Содерж.: Вопросы устойчивости и генерирования реактивной мощности в шведских линиях электропередачи. (Bulletin ASE, 1954, № 14) / Д. Элер. Характеристика разрядников для защиты от атмосферных перенапряжений. Доклад комитета Америк. ин-та инженеров-электриков AJEE и обсуждение. (AIEE Transaction, 1953, т. 73, ч. 3)
464 #0 - АНАЛИТИЧЕСКИЙ УРОВЕНЬ
Встроенное поле 2001#$aХарактеристика разрядников для защиты от атмосферных перенапряжений$eДоклад комитета Америк. ин-та инженеров-электриков AJEE и обсуждение$e(AIEE Transaction, 1953, т. 73, ч. 3)
Заглавие Характеристика разрядников для защиты от атмосферных перенапряжений
464 #0 - АНАЛИТИЧЕСКИЙ УРОВЕНЬ
Встроенное поле 2001#$aВопросы устойчивости и генерирования реактивной мощности в шведских линиях электропередачи$e(Bulletin ASE, 1954, № 14)
-- 700#1$aЭлер$bД.
Заглавие Вопросы устойчивости и генерирования реактивной мощности в шведских линиях электропередачи
Автор Элер, Д.
606 ## - НАИМЕНОВАНИЕ ТЕМЫ КАК ПРЕДМЕТ
Наименование темы Электрические линии передачи, высоковольтные
Тематический подзаголовок Устойчивость
Код системы psbo
606 ## - НАИМЕНОВАНИЕ ТЕМЫ КАК ПРЕДМЕТ
Наименование темы Разрядники
Тематический подзаголовок Технические характеристики
Код системы psbo
801 #0 - ИСТОЧНИК ЗАПИСИ
Страна Российская Федерация
Организация NLR
Правила каталогизации psbo
801 #1 - ИСТОЧНИК ЗАПИСИ
Страна Российская Федерация
Организация ELAR
Источник данных rusmarc
852 ## - МЕСТОНАХОЖДЕНИЕ И ШИФР ХРАНЕНИЯ
Идентификатор организации NLR
Шифр хранения (Call Number) Т20 Г-8/682
942 ## - ДОПОЛНИТЕЛЬНЫЕ ЭЛЕМЕНТЫ ЗАПИСИ (АБИС)
Тип экземпляра АБИС Книга
980 ## - КОЛЛЕКЦИЯ
Название коллекции Национальная библиография
Экземпляры
Тип экземпляра Дата поступления Библиотека постоянного хранения Библиотека текущего хранения Место хранения Шифр хранения Штрих-код Статус экземпляра
Книга 26.10.2013 РНБ (Садовая) РНБ (Садовая) Русский книжный фонд -Главное здание, Ленинский читальный зал Т20 Г-8/682 8073131-10